[Event "12th Arad Open 2019"]
[Site "Arad"]
[Date "2019.07.27"]
[Round "5.40"]
[White "Czebe, Attila"]
[Black "Guiu, Lorena-Malina"]
[Result "1-0"]
[WhiteElo "2436"]
[BlackElo "1649"]
[Annotator "TA"]
[PlyCount "53"]
[EventDate "2019.07.24"]
[EventType "swiss"]
[EventCountry "ROU"]
[SourceTitle "playchess.com"]
[Source "ChessBase"]
[SourceQuality "1"]

{[%evp 14,78,73,73,74,79,98,89,94,61,64,47,54,50,70,67,59,72,62,63,62,47,71,72,79,72,139,87,132,127,144,108,108,106,123,96,244,256,254,243,235,243,228,206,243,236,307,304,325,302,544,545,5273,3705,29993,29994,29994,29995,29995,29996,29996,29997,29997,29998,29998,29999,29999]} 1. e4 e5 2. Nf3 Nc6 3. Bb5 d6 4. O-O Bd7 5. Re1 Nf6 6. c3 Be7 7. d4 exd4 8. cxd4 O-O {C66: Ruy Lopez: Steinitz Defence} 9. Nc3 (9. h3 a6 10. Bf1 Ne8 11. Nc3 f5 12. e5 dxe5 13. dxe5 Be6 14. Bf4 h6 15. Qxd8 Rxd8 16. h4 Nd4 17. Nxd4 Rxd4 {1-0 (47) Amdouni,Z (2290)-Abdennaji,W (1662) Sousse 2018}) 9... a6 10. Bf1 h6 $146 {White is better.} ({Predecessor:} 10... Bg4 11. Be3 h6 12. Be2 {1-0 (43) Zurawski,M (1492)-Cichon,L (1139) Poznan 2018}) 11. e5 dxe5 12. dxe5 Nh7 $1 13. Bd3 Ng5 14. Nxg5 Bxg5 15. f4 $36 {[%mdl 2048] White is on the roll.} Bh4 16. g3 Be7 17. Be4 Bc5+ 18. Be3 Bb4 19. Rc1 Be6 (19... Qc8 $142) 20. a3 ({White should try} 20. f5 Bd7 21. Qb3 Bxc3 22. Qxc3) 20... Ba5 21. b4 Bb6 22. Bxb6 cxb6 23. Qf3 Qd4+ 24. Kh1 {Strongly threatening Red1.} Rac8 (24... b5 $16 {was necessary.}) 25. Red1 $18 Qc4 26. Nd5 Qb5 {[#]} 27. Ra1 {Played: a3-a4} 1-0

[Event "12th Arad Open 2019"]
[Site "Arad"]
[Date "2019.07.28"]
[Round "6.1"]
[White "Istratescu, Andrei"]
[Black "Mastrovasilis, Dimitrios"]
[Result "1/2-1/2"]
[WhiteElo "2555"]
[BlackElo "2589"]
[Annotator "ChessBase"]
[PlyCount "132"]
[EventDate "2019.07.24"]
[EventType "swiss"]
[EventCountry "ROU"]
[SourceTitle "playchess.com"]
[Source "ChessBase"]
[SourceQuality "1"]
[TimeControl "40/5400+30:900+30"]

1. c4 {[%emt 0:00:00]} e6 {[%emt 0:00:00]} 2. d4 {[%emt 0:01:39]} d5 {[%emt 0:00:00]} 3. Nc3 {[%emt 0:00:16]} Nf6 {[%emt 0:00:11]} 4. cxd5 {[%emt 0:00:19]} Nxd5 {[%emt 0:00:12]} 5. e4 {[%emt 0:01:08]} Nxc3 {[%emt 0:00:10]} 6. bxc3 {[%emt 0:00:05]} c5 {[%emt 0:00:09]} 7. Rb1 {[%emt 0:00:40]} Be7 {[%emt 0:00:58]} 8. Bb5+ {[%emt 0:11:43]} Bd7 {[%emt 0:00:37]} 9. Bxd7+ {[%emt 0:04:55]} Qxd7 {[%emt 0:05:58]} 10. Nf3 {[%emt 0:00:47]} cxd4 {[%emt 0:06:25]} 11. Qxd4 {[%emt 0:08:14]} Qxd4 {[%emt 0:10:53]} 12. cxd4 {[%emt 0:00:12]} b6 {[%emt 0:00:56]} 13. Bf4 {[%emt 0:01:13]} Nd7 {[%emt 0:02:02]} 14. Ke2 {[%emt 0:02:31]} O-O {[%emt 0:01:26]} 15. Rhc1 {[%emt 0:00:55]} Rac8 {[%emt 0:09:03]} 16. a4 {[%emt 0:06:35]} Ba3 {[%emt 0:06:41]} 17. Rxc8 {[%emt 0:02:30]} Rxc8 {[%emt 0:00:09]} 18. Kd3 {[%emt 0:00:54]} Kf8 {[%emt 0:09:13]} 19. Nd2 {[%emt 0:01:42]} e5 {[%emt 0:19:41]} 20. Bxe5 {[%emt 0:00:43]} Nxe5+ {[%emt 0:00:07]} 21. dxe5 {[%emt 0:00:03]} Rd8+ {[%emt 0:00:09]} 22. Kc2 {[%emt 0:25:49]} Rd4 {[%emt 0:01:02]} 23. a5 {[%emt 0:01:41]} Bb4 {[%emt 0:06:34]} 24. Nf3 {[%emt 0:01:59]} Rxe4 {[%emt 0:04:18]} 25. axb6 {[%emt 0:01:11]} axb6 {[%emt 0:00:07]} 26. Kd3 {[%emt 0:00:18]} Rf4 {[%emt 0:00:29]} 27. Ng5 {[%emt 0:05:24]} Bc5 {[%emt 0:03:35]} 28. Ne4 {[%emt 0:06:50]} Rf5 {[%emt 0:01:35]} 29. Nxc5 {[%emt 0:07:09]} bxc5 {[%emt 0:00:07]} 30. f3 {[%emt 0:00:14]} Rxe5 {[%emt 0:00:09]} 31. Rb7 {[%emt 0:00:04]} g5 {[%emt 0:05:05]} 32. g4 {[%emt 0:01:17]} Kg7 {[%emt 0:00:53]} 33. Rc7 {[%emt 0:00:39]} Kg6 {[%emt 0:01:04]} 34. Rc6+ {[%emt 0:00:38]} f6 {[%emt 0:00:08]} 35. Kd2 {[%emt 0:00:41]} h6 {[%emt 0:00:53]} 36. Kd3 {[%emt 0:02:29]} Kf7 {[%emt 0:01:18]} 37. Rc7+ {[%emt 0:01:15]} Ke6 {[%emt 0:01:25]} 38. Rh7 {[%emt 0:00:07]} Kd5 {[%emt 0:02:04]} 39. Rd7+ {[%emt 0:00:06]} Ke6 {[%emt 0:01:41]} 40. Rh7 {[%emt 0:00:00]} Kd5 {[%emt 0:00:00]} 41. Rxh6 {[%emt 0:02:28]} c4+ {[%emt 0:06:03]} 42. Kd2 {[%emt 0:00:07]} Re6 {[%emt 0:01:02]} 43. Rh8 {[%emt 0:04:34]} Ke5 {[%emt 0:05:43]} 44. h4 {[%emt 0:01:26]} gxh4 {[%emt 0:02:04]} 45. Rxh4 {[%emt 0:00:08]} Kf4 {[%emt 0:02:44]} 46. g5+ {[%emt 0:00:23]} Kxg5 {[%emt 0:00:34]} 47. Rg4+ {[%emt 0:01:22]} Kh5 {[%emt 0:00:04]} 48. Rxc4 {[%emt 0:00:04]} f5 {[%emt 0:00:05]} 49. Rc1 {[%emt 0:01:19]} Kg5 {[%emt 0:00:25]} 50. Re1 {[%emt 0:00:50]} Ra6 {[%emt 0:00:26]} 51. Ke3 {[%emt 0:00:31]} Ra3+ {[%emt 0:00:07]} 52. Kf2 {[%emt 0:00:05]} Kf4 {[%emt 0:00:05]} 53. Rb1 {[%emt 0:02:00]} Ra2+ {[%emt 0:01:57]} 54. Kf1 {[%emt 0:00:36]} Kg3 {[%emt 0:00:36]} 55. f4 {[%emt 0:00:06]} Rf2+ {[%emt 0:00:47]} 56. Kg1 {[%emt 0:00:07]} Rxf4 {[%emt 0:00:11]} 57. Rb2 {[%emt 0:00:15]} Rf3 {[%emt 0:01:20]} 58. Rg2+ {[%emt 0:00:44]} Kh3 {[%emt 0:00:48]} 59. Rh2+ {[%emt 0:01:00]} Kg4 {[%emt 0:00:07]} 60. Rg2+ {[%emt 0:00:34]} Rg3 {[%emt 0:01:14]} 61. Kf2 {[%emt 0:00:14]} f4 {[%emt 0:00:36]} 62. Rxg3+ {[%emt 0:00:12]} fxg3+ {[%emt 0:00:04]} 63. Kg2 {[%emt 0:00:02]} Kf4 {[%emt 0:00:06]} 64. Kg1 {[%emt 0:00:05]} Kf3 {[%emt 0:00:03]} 65. Kf1 {[%emt 0:00:03]} g2+ {[%emt 0:00:04]} 66. Kg1 {[%emt 0:00:01]} Kg3 1/2-1/2

[Event "12th Arad Open 2019"]
[Site "Arad"]
[Date "2019.07.28"]
[Round "6.2"]
[White "Nester, Ihor"]
[Black "Costachi, Mihnea"]
[Result "1/2-1/2"]
[WhiteElo "2361"]
[BlackElo "2471"]
[Annotator "ChessBase"]
[PlyCount "111"]
[EventDate "2019.07.24"]
[EventType "swiss"]
[EventCountry "ROU"]
[SourceTitle "playchess.com"]
[Source "ChessBase"]
[SourceQuality "1"]
[TimeControl "40/5400+30:900+30"]

1. Nf3 {[%emt 0:00:00]} Nf6 {[%emt 0:00:00]} 2. c4 {[%emt 0:00:00]} g6 {[%emt 0:00:34]} 3. d4 {[%emt 0:00:03]} Bg7 {[%emt 0:00:05]} 4. g3 {[%emt 0:00:03]} O-O {[%emt 0:00:06]} 5. Bg2 {[%emt 0:00:02]} d6 {[%emt 0:00:05]} 6. O-O {[%emt 0:00:05]} Nc6 {[%emt 0:00:15]} 7. Nc3 {[%emt 0:00:05]} e5 {[%emt 0:00:30]} 8. d5 {[%emt 0:00:46]} Nb8 {[%emt 0:00:55]} 9. e4 {[%emt 0:00:45]} a5 {[%emt 0:00:13]} 10. Ne1 {[%emt 0:01:28]} Na6 {[%emt 0:00:05]} 11. Nd3 {[%emt 0:01:00]} Nd7 {[%emt 0:02:15]} 12. Be3 {[%emt 0:03:21]} f5 {[%emt 0:14:28]} 13. f3 {[%emt 0:02:17]} f4 {[%emt 0:12:57]} 14. Bf2 {[%emt 0:00:09]} h5 {[%emt 0:03:24]} 15. Na4 {[%emt 0:13:28]} b6 {[%emt 0:10:18]} 16. a3 {[%emt 0:00:34]} Ndc5 {[%emt 0:00:34]} 17. Naxc5 {[%emt 0:05:21]} Nxc5 {[%emt 0:02:12]} 18. Nxc5 {[%emt 0:00:39]} bxc5 {[%emt 0:00:33]} 19. b4 {[%emt 0:00:26]} axb4 {[%emt 0:02:21]} 20. axb4 {[%emt 0:00:01]} Rxa1 {[%emt 0:00:24]} 21. Qxa1 {[%emt 0:00:01]} cxb4 {[%emt 0:00:24]} 22. Rb1 {[%emt 0:14:45]} g5 {[%emt 0:03:41]} 23. Rxb4 {[%emt 0:00:05]} g4 {[%emt 0:09:52]} 24. Rb8 {[%emt 0:03:20]} Qg5 {[%emt 0:03:15]} 25. Qa8 {[%emt 0:10:01]} gxf3 {[%emt 0:02:39]} 26. Rxc8 {[%emt 0:00:47]} fxg2 {[%emt 0:04:45]} 27. Rxf8+ {[%emt 0:00:18]} Bxf8 {[%emt 0:00:06]} 28. Kxg2 {[%emt 0:00:54]} Qg6 {[%emt 0:08:58]} 29. Qc8 {[%emt 0:05:38]} fxg3 {[%emt 0:08:33]} 30. hxg3 {[%emt 0:00:08]} Qxe4+ {[%emt 0:00:03]} 31. Kg1 {[%emt 0:00:59]} Qb1+ {[%emt 0:01:44]} 32. Kg2 {[%emt 0:00:22]} Qe4+ {[%emt 0:00:33]} 33. Kg1 {[%emt 0:00:02]} Qh7 {[%emt 0:00:29]} 34. Kg2 {[%emt 0:01:54]} Qf7 {[%emt 0:00:33]} 35. Be3 {[%emt 0:01:37]} Kh7 {[%emt 0:03:32]} 36. Bg5 {[%emt 0:02:01]} e4 {[%emt 0:01:37]} 37. Bf4 {[%emt 0:01:47]} Bg7 {[%emt 0:00:33]} 38. Qd8 {[%emt 0:13:03]} Bh6 {[%emt 0:01:17]} 39. Bxh6 {[%emt 0:01:46]} Kxh6 {[%emt 0:00:39]} 40. Qh4 {[%emt 0:00:00]} Qf3+ {[%emt 0:00:00]} 41. Kh2 {[%emt 0:02:34]} Qf2+ {[%emt 0:04:08]} 42. Kh3 {[%emt 0:02:48]} Qf5+ {[%emt 0:03:41]} 43. Kg2 {[%emt 0:00:47]} Qf3+ {[%emt 0:06:45]} 44. Kh2 {[%emt 0:00:17]} Qf2+ {[%emt 0:04:05]} 45. Kh3 {[%emt 0:00:13]} e3 {[%emt 0:02:06]} 46. Qe4 {[%emt 0:00:50]} Qf1+ {[%emt 0:00:09]} 47. Kh4 {[%emt 0:07:39]} Qf6+ {[%emt 0:00:35]} 48. Kh3 {[%emt 0:00:01]} Qf1+ {[%emt 0:00:46]} 49. Kh4 {[%emt 0:00:02]} Qf6+ {[%emt 0:00:53]} 50. Kh3 {[%emt 0:00:05]} Kg7 {[%emt 0:00:49]} 51. Qxe3 {[%emt 0:00:41]} Qf5+ {[%emt 0:00:11]} 52. Kg2 {[%emt 0:00:27]} Qc2+ {[%emt 0:00:02]} 53. Kh3 {[%emt 0:01:27]} Qf5+ {[%emt 0:00:12]} 54. Kg2 {[%emt 0:00:03]} Qc2+ {[%emt 0:00:14]} 55. Kh3 {[%emt 0:00:04]} Qf5+ {[%emt 0:00:04]} 56. Kg2 {[%emt 0:00:03]} 1/2-1/2

[Event "12th Arad Open 2019"]
[Site "Arad"]
[Date "2019.07.28"]
[Round "6.3"]
[White "Ciorgovean, Iustin"]
[Black "Gorodetzky, David"]
[Result "0-1"]
[WhiteElo "2330"]
[BlackElo "2461"]
[Annotator "ChessBase"]
[PlyCount "84"]
[EventDate "2019.07.24"]
[EventType "swiss"]
[EventCountry "ROU"]
[SourceTitle "playchess.com"]
[Source "ChessBase"]
[SourceQuality "1"]
[TimeControl "40/5400+30:900+30"]

1. Nf3 {[%emt 0:00:00]} d5 {[%emt 0:00:00]} 2. g3 {[%emt 0:01:09]} Nf6 {[%emt 0:01:07]} 3. Bg2 {[%emt 0:00:04]} e6 {[%emt 0:00:38]} 4. O-O {[%emt 0:00:45]} c5 {[%emt 0:00:55]} 5. c4 {[%emt 0:00:32]} d4 {[%emt 0:01:32]} 6. e3 {[%emt 0:01:10]} Nc6 {[%emt 0:01:32]} 7. exd4 {[%emt 0:00:08]} cxd4 {[%emt 0:00:10]} 8. d3 {[%emt 0:00:15]} Be7 {[%emt 0:07:23]} 9. Na3 {[%emt 0:10:46]} O-O {[%emt 0:05:47]} 10. Nc2 {[%emt 0:02:09]} a5 {[%emt 0:09:49]} 11. Re1 {[%emt 0:04:09]} Bd6 {[%emt 0:02:56]} 12. a3 {[%emt 0:08:58]} e5 {[%emt 0:00:41]} 13. Bg5 {[%emt 0:06:31]} h6 {[%emt 0:01:42]} 14. Bxf6 {[%emt 0:00:05]} Qxf6 {[%emt 0:00:04]} 15. Nd2 {[%emt 0:06:17]} Qd8 {[%emt 0:04:29]} 16. Rb1 {[%emt 0:03:57]} a4 {[%emt 0:02:59]} 17. b4 {[%emt 0:04:06]} axb3 {[%emt 0:00:07]} 18. Rxb3 {[%emt 0:00:40]} Ra7 {[%emt 0:02:57]} 19. Nb4 {[%emt 0:07:30]} Bd7 {[%emt 0:05:29]} 20. Qb1 {[%emt 0:06:53]} Re8 {[%emt 0:06:47]} 21. Nd5 {[%emt 0:11:42]} Na5 {[%emt 0:03:45]} 22. Rb2 {[%emt 0:00:12]} Bxa3 {[%emt 0:10:02]} 23. Ra2 {[%emt 0:00:08]} Bf8 {[%emt 0:05:43]} 24. Qb6 {[%emt 0:02:56]} Qxb6 {[%emt 0:03:32]} 25. Nxb6 {[%emt 0:00:24]} Bc6 {[%emt 0:03:57]} 26. Rb1 {[%emt 0:01:35]} Ra6 {[%emt 0:04:23]} 27. Raa1 {[%emt 0:01:27]} Bxg2 {[%emt 0:01:23]} 28. Kxg2 {[%emt 0:00:04]} Nc6 {[%emt 0:00:10]} 29. Nd5 {[%emt 0:04:53]} Rxa1 {[%emt 0:01:47]} 30. Rxa1 {[%emt 0:00:03]} Nb4 {[%emt 0:00:04]} 31. Nxb4 {[%emt 0:00:41]} Bxb4 {[%emt 0:00:02]} 32. Nf3 {[%emt 0:01:43]} Bc3 {[%emt 0:00:34]} 33. Rb1 {[%emt 0:00:31]} f5 {[%emt 0:00:17]} 34. Rxb7 {[%emt 0:08:08]} e4 {[%emt 0:00:14]} 35. dxe4 {[%emt 0:00:17]} fxe4 {[%emt 0:00:03]} 36. Ng1 {[%emt 0:00:39]} d3 {[%emt 0:06:55]} 37. Rd7 {[%emt 0:00:46]} d2 {[%emt 0:00:40]} 38. Ne2 {[%emt 0:02:43]} Ba5 {[%emt 0:00:01]} 39. f3 {[%emt 0:01:20]} Rb8 {[%emt 0:00:52]} 40. c5 {[%emt 0:00:00]} Rb1 {[%emt 0:00:00]} 41. Nc3 {[%emt 0:02:38]} exf3+ {[%emt 0:01:51]} 42. Kh3 {[%emt 0:01:37]} f2 {[%emt 0:00:09]} 0-1

[Event "12th Arad Open 2019"]
[Site "Arad"]
[Date "2019.07.28"]
[Round "6.4"]
[White "Jianu, Vlad-Cristian"]
[Black "Ileana, George"]
[Result "1-0"]
[WhiteElo "2523"]
[BlackElo "2344"]
[Annotator "ChessBase"]
[PlyCount "69"]
[EventDate "2019.07.24"]
[EventType "swiss"]
[EventCountry "ROU"]
[SourceTitle "playchess.com"]
[Source "ChessBase"]
[SourceQuality "1"]
[TimeControl "40/5400+30:900+30"]

1. c4 {[%emt 0:00:00]} Nf6 {[%emt 0:00:00]} 2. Nf3 {[%emt 0:00:00]} e6 {[%emt 0:00:08]} 3. g3 {[%emt 0:00:30]} b6 {[%emt 0:02:05]} 4. Bg2 {[%emt 0:00:11]} Bb7 {[%emt 0:00:03]} 5. O-O {[%emt 0:00:11]} Be7 {[%emt 0:00:12]} 6. Nc3 {[%emt 0:00:33]} O-O {[%emt 0:00:32]} 7. Re1 {[%emt 0:01:30]} d6 {[%emt 0:00:23]} 8. e4 {[%emt 0:00:51]} e5 {[%emt 0:01:24]} 9. d4 {[%emt 0:00:07]} Nbd7 {[%emt 0:00:09]} 10. b3 {[%emt 0:03:28]} Re8 {[%emt 0:01:20]} 11. Bb2 {[%emt 0:00:25]} c6 {[%emt 0:00:17]} 12. Qc2 {[%emt 0:04:36]} Qc7 {[%emt 0:00:12]} 13. Rad1 {[%emt 0:04:07]} a6 {[%emt 0:01:01]} 14. c5 {[%emt 0:07:08]} dxc5 {[%emt 0:05:44]} 15. dxe5 {[%emt 0:01:06]} Ng4 {[%emt 0:01:07]} 16. Na4 {[%emt 0:01:44]} b5 {[%emt 0:03:50]} 17. Rxd7 {[%emt 0:03:52]} Qxd7 {[%emt 0:00:03]} 18. Nb6 {[%emt 0:00:07]} Qc7 {[%emt 0:02:51]} 19. Nxa8 {[%emt 0:00:08]} Rxa8 {[%emt 0:00:04]} 20. h3 {[%emt 0:06:02]} Nh6 {[%emt 0:00:07]} 21. Ba3 {[%emt 0:03:35]} c4 {[%emt 0:02:46]} 22. Bxe7 {[%emt 0:00:17]} Qxe7 {[%emt 0:00:03]} 23. bxc4 {[%emt 0:00:07]} Qc5 {[%emt 0:00:25]} 24. Rd1 {[%emt 0:06:21]} Re8 {[%emt 0:00:52]} 25. Qd2 {[%emt 0:04:36]} Bc8 {[%emt 0:02:26]} 26. cxb5 {[%emt 0:00:25]} cxb5 {[%emt 0:00:18]} 27. Rc1 {[%emt 0:01:38]} Qe7 {[%emt 0:04:05]} 28. g4 {[%emt 0:02:06]} Kh8 {[%emt 0:00:43]} 29. Qd6 {[%emt 0:07:38]} Ng8 {[%emt 0:07:20]} 30. Rc7 {[%emt 0:05:29]} Qf8 {[%emt 0:01:48]} 31. Qxf8 {[%emt 0:14:00]} Rxf8 {[%emt 0:00:09]} 32. Ng5 {[%emt 0:00:12]} Nh6 {[%emt 0:02:06]} 33. f4 {[%emt 0:01:38]} f6 {[%emt 0:06:18]} 34. exf6 {[%emt 0:00:42]} gxf6 {[%emt 0:00:07]} 35. Nxh7 {[%emt 0:00:49]} 1-0

[Event "12th Arad Open 2019"]
[Site "Arad"]
[Date "2019.07.28"]
[Round "6.5"]
[White "Schitco, Ivan"]
[Black "Bonte, Andrei-Mihai"]
[Result "1/2-1/2"]
[WhiteElo "2462"]
[BlackElo "2337"]
[Annotator "ChessBase"]
[PlyCount "45"]
[EventDate "2019.07.24"]
[EventType "swiss"]
[EventCountry "ROU"]
[SourceTitle "playchess.com"]
[Source "ChessBase"]
[SourceQuality "1"]
[TimeControl "40/5400+30:900+30"]

1. c4 {[%emt 0:00:00]} Nf6 {[%emt 0:02:37]} 2. Nc3 {[%emt 0:00:33]} e6 {[%emt 0:02:04]} 3. e4 {[%emt 0:00:57]} d5 {[%emt 0:01:30]} 4. cxd5 {[%emt 0:00:44]} exd5 {[%emt 0:00:06]} 5. e5 {[%emt 0:00:03]} d4 {[%emt 0:07:41]} 6. exf6 {[%emt 0:01:02]} dxc3 {[%emt 0:00:07]} 7. Bb5+ {[%emt 0:01:30]} Nc6 {[%emt 0:02:50]} 8. Qe2+ {[%emt 0:11:37]} Be6 {[%emt 0:00:18]} 9. dxc3 {[%emt 0:07:21]} Qxf6 {[%emt 0:01:14]} 10. Nf3 {[%emt 0:07:33]} Bc5 {[%emt 0:01:23]} 11. Ng5 {[%emt 0:17:03]} O-O {[%emt 0:14:06]} 12. Nxe6 {[%emt 0:04:34]} Qxe6 {[%emt 0:01:06]} 13. Qxe6 {[%emt 0:01:04]} fxe6 {[%emt 0:00:02]} 14. f3 {[%emt 0:00:32]} Ne5 {[%emt 0:18:17]} 15. Ke2 {[%emt 0:05:50]} Rad8 {[%emt 0:07:06]} 16. Rd1 {[%emt 0:14:17]} Rd5 {[%emt 0:03:31]} 17. Ba4 {[%emt 0:06:42]} Ng6 {[%emt 0:17:50]} 18. Rxd5 {[%emt 0:10:14]} exd5 {[%emt 0:00:24]} 19. Bc2 {[%emt 0:00:20]} Nh4 {[%emt 0:01:45]} 20. Kf1 {[%emt 0:05:10]} Nf5 {[%emt 0:03:24]} 21. Bd2 {[%emt 0:02:31]} Ne3+ {[%emt 0:02:49]} 22. Bxe3 {[%emt 0:00:08]} Bxe3 {[%emt 0:00:06]} 23. Re1 {[%emt 0:00:06]} 1/2-1/2

[Event "12th Arad Open 2019"]
[Site "Arad"]
[Date "2019.07.28"]
[Round "6.6"]
[White "David, Alexandru-Vasile"]
[Black "Florescu, Codrut-Constantin"]
[Result "1-0"]
[WhiteElo "2428"]
[BlackElo "2312"]
[Annotator "NA"]
[PlyCount "117"]
[EventDate "2019.07.24"]
[EventType "swiss"]
[EventCountry "ROU"]
[SourceTitle "playchess.com"]
[Source "ChessBase"]
[SourceQuality "1"]
[TimeControl "40/5400+30:900+30"]

1. d4 {[%emt 0:00:00]} Nf6 {[%emt 0:00:00]} 2. c4 {[%emt 0:00:00]} e6 {[%emt 0:00:10]} 3. Nf3 {[%emt 0:02:49]} b6 {[%emt 0:00:18]} 4. a3 {[%emt 0:06:43]} Bb7 {[%emt 0:00:49]} 5. Nc3 {[%emt 0:02:34]} Ne4 {[%emt 0:00:36]} 6. Nxe4 {[%emt 0:00:19]} Bxe4 {[%emt 0:00:04]} 7. Nd2 {[%emt 0:00:16]} Bb7 {[%emt 0:00:04]} 8. e4 {[%emt 0:00:07]} Qf6 {[%emt 0:00:18]} 9. d5 {[%emt 0:05:42]} Bc5 {[%emt 0:19:55]} 10. Nf3 {[%emt 0:08:47]} Qg6 {[%emt 0:00:43]} 11. b4 {[%emt 0:00:41]} Qxe4+ {[%emt 0:02:11]} 12. Be2 {[%emt 0:00:04]} Bd6 {[%emt 0:05:11]} 13. O-O {[%emt 0:01:05]} Qg6 {[%emt 0:00:42]} 14. Bb2 {[%emt 0:38:16]} O-O {[%emt 0:04:22]} 15. Bd3 {[%emt 0:08:03]} Qh5 {[%emt 0:02:30]} 16. Re1 {[%emt 0:09:24]} a5 {[%emt 0:12:02]} 17. c5 {[%emt 0:02:06]} bxc5 {[%emt 0:00:33]} 18. bxc5 {[%emt 0:00:04]} Bxh2+ {[%emt 0:00:16]} 19. Nxh2 {[%emt 0:00:10]} Qxd1 {[%emt 0:00:07]} 20. Raxd1 {[%emt 0:00:03]} Bxd5 {[%emt 0:00:30]} 21. Ng4 {[%emt 0:00:30]} Nc6 {[%emt 0:00:01]} 22. Bc2 {[%emt 0:04:55]} Rfb8 {[%emt 0:04:58]} 23. Ba1 {[%emt 0:00:19]} Rb5 {[%emt 0:03:33]} 24. Ne3 {[%emt 0:02:24]} Rxc5 {[%emt 0:00:55]} 25. Rc1 {[%emt 0:01:02]} Kf8 {[%emt 0:06:35]} 26. Nxd5 {[%emt 0:00:25]} exd5 {[%emt 0:00:43]} 27. Bf5 {[%emt 0:01:20]} Rxc1 {[%emt 0:01:37]} 28. Rxc1 {[%emt 0:00:00]} Ke7 {[%emt 0:02:40]} 29. Bxg7 {[%emt 0:00:04]} h5 {[%emt 0:03:50]} 30. Rd1 {[%emt 0:00:37]} Kd6 {[%emt 0:00:31]} 31. Bh6 {[%emt 0:00:33]} Ne5 {[%emt 0:00:19]} 32. Bf4 {[%emt 0:01:35]} f6 {[%emt 0:00:19]} 33. Kf1 {[%emt 0:01:03]} Rb8 {[%emt 0:00:44]} 34. Rb1 {[%emt 0:00:00]} Rxb1+ {[%emt 0:00:45]} 35. Bxb1 {[%emt 0:00:02]} c5 {[%emt 0:01:09]} 36. g3 {[%emt 0:00:48]} Ke6 {[%emt 0:01:01]} 37. Ke2 {[%emt 0:00:32]} Nc4 {[%emt 0:02:37]} 38. Bc1 {[%emt 0:00:31]} f5 {[%emt 0:00:38]} 39. Bd3 {[%emt 0:01:57]} Nd6 {[%emt 0:00:58]} 40. a4 {[%emt 0:00:00]} c4 {[%emt 0:00:00]} 41. Bb1 {[%emt 0:05:41]} d4 {[%emt 0:01:55]} 42. Bd2 {[%emt 0:00:34]} Nb7 {[%emt 0:00:22]} 43. Ke1 {[%emt 0:06:39]} c3 {[%emt 0:01:03]} 44. Bh6 {[%emt 0:01:10]} Kf6 {[%emt 0:09:18]} 45. Bf8 {[%emt 0:02:35]} d6 {[%emt 0:00:05]} 46. Ke2 {[%emt 0:00:18]} f4 {[%emt 0:07:52]} 47. Kd3 {[%emt 0:03:09]} Nc5+ {[%emt 0:01:22]} 48. Kc4 {[%emt 0:00:04]} fxg3 {[%emt 0:02:02]} 49. fxg3 {[%emt 0:00:04]} Nxa4 {[%emt 0:03:04]} 50. Bxd6 {[%emt 0:00:05]} Nb6+ {[%emt 0:01:23]} 51. Kxd4 {[%emt 0:00:04]} a4 {[%emt 0:00:26]} 52. Bc2 {[%emt 0:01:00]} Ke6 {[%emt 0:02:16]} 53. Ba3 {[%emt 0:01:12]} Nd7 {[%emt 0:01:44]} 54. Bxa4 {[%emt 0:00:47]} Ne5 {[%emt 0:02:29]} 55. Ke4 {[%emt 0:00:03]} Ng6 {[%emt 0:00:50]} 56. Be8 {[%emt 0:03:12]} Kf6 {[%emt 0:01:34]} 57. Bxg6 {[%emt 0:00:25]} Kxg6 {[%emt 0:00:04]} 58. Kd3 {[%emt 0:00:03]} Kf5 {[%emt 0:01:32]} 59. Be7 {[%emt 0:00:04] Ke4+ Kxe4} 1-0

[Event "12th Arad Open 2019"]
[Site "Arad"]
[Date "2019.07.28"]
[Round "6.7"]
[White "Petrisor, Adrian-Marian"]
[Black "Visanescu, Daria-Ioana"]
[Result "0-1"]
[WhiteElo "2422"]
[BlackElo "2079"]
[Annotator "NA"]
[PlyCount "60"]
[EventDate "2019.07.24"]
[EventType "swiss"]
[EventCountry "ROU"]
[SourceTitle "playchess.com"]
[Source "ChessBase"]
[SourceQuality "1"]
[TimeControl "40/5400+30:900+30"]

1. e4 {[%emt 0:00:00]} c5 {[%emt 0:00:00]} 2. Nf3 {[%emt 0:00:00]} d6 {[%emt 0:00:00]} 3. d4 {[%emt 0:00:00]} cxd4 {[%emt 0:00:02]} 4. Nxd4 {[%emt 0:00:01]} Nf6 {[%emt 0:00:02]} 5. Nc3 {[%emt 0:00:06]} a6 {[%emt 0:00:16]} 6. Bg5 {[%emt 0:00:21]} Nbd7 {[%emt 0:00:18]} 7. f4 {[%emt 0:03:36]} Qc7 {[%emt 0:02:33]} 8. Qe2 {[%emt 0:00:11]} e6 {[%emt 0:03:43]} 9. O-O-O {[%emt 0:00:47]} b5 {[%emt 0:00:22]} 10. g4 {[%emt 0:04:27]} b4 {[%emt 0:12:16]} 11. Nd5 {[%emt 0:00:29]} exd5 {[%emt 0:01:38]} 12. exd5+ {[%emt 0:00:06]} Be7 {[%emt 0:00:03]} 13. Nc6 {[%emt 0:06:46]} O-O {[%emt 0:04:34]} 14. Nxe7+ {[%emt 0:02:03]} Kh8 {[%emt 0:00:04]} 15. Qg2 {[%emt 0:19:22]} a5 {[%emt 0:10:15]} 16. Nxc8 {[%emt 0:20:59]} Rfxc8 {[%emt 0:01:08]} 17. Bd3 {[%emt 0:00:13]} b3 {[%emt 0:07:04]} 18. Bxf6 {[%emt 0:17:54]} bxa2 {[%emt 0:09:46]} 19. Bxg7+ {[%emt 0:00:13]} Kxg7 {[%emt 0:00:04]} 20. Kd2 {[%emt 0:00:07]} Qb6 {[%emt 0:01:59]} 21. g5 {[%emt 0:10:05]} Nc5 {[%emt 0:23:01]} 22. Bf5 {[%emt 0:04:05]} Re8 {[%emt 0:00:57]} 23. Qh3 {[%emt 0:00:05]} Ne4+ {[%emt 0:03:08]} 24. Bxe4 {[%emt 0:00:05]} Rxe4 {[%emt 0:01:27]} 25. Qc3+ {[%emt 0:01:44]} Kg8 {[%emt 0:00:17]} 26. b3 {[%emt 0:00:12]} a4 {[%emt 0:01:27]} 27. Rhf1 {[%emt 0:07:05]} axb3 {[%emt 0:01:16]} 28. cxb3 {[%emt 0:00:04]} Rd4+ {[%emt 0:01:56]} 29. Kc2 {[%emt 0:00:06]} Rxd1 {[%emt 0:00:39]} 30. Rxd1 {[%emt 0:00:03]} Qf2+ {[%emt 0:00:17]} 0-1